00778nam a22002417a 4500003000500000005001700005008004100022010001000063011001000073020001500083035001000098040000900108082001500117100002100132245009700153260007300250300002200323650005400345650004900399650004200448700001600490700003000506CHAP20220817041645.0971013s1985 mx r 00010 spa d a20896 a21868 a9688373338 a25959 cCHAP a338.1bA7700aArroyo, Gonzalo.10aAgricultura y alimentos en América Latinac/por Gonzalo Arroyo, Ruth Rama y Fernando Rello aMéxico, D.F. :bUniversidad Nacional Autónoma de México,c1985 a267 p. :bcuadros14aAgriculturaxAspectos economicosxAmerica Latina.14aAlimentosxAbastecimientoxAmérica Latina.14aEmpresas comerciales internacionales.0 aRama, Ruth.0 aRello Espinosa, Fernando.